Drug-inactivating enzymes and antibiotic resistance 2nd International Symposium on Antibiotic Resistance, Castle of Smolenice, Czechoslovakia 1974

Bibliographic Details
Corporate Author: International Symposium on Antibiotic Resistence Smolenice, Slovakia
Other Authors: Mitsuhashi, Susumu (Editor), Rosival, Ladislav, 1924-2016 (Editor), Krčméry, Vladimír, 1960-2022 (Editor)
Format: Conference Proceeding Book
Language:English
PhysicalDescription:xiii, 493 strán grafy, tabuľky 24 cm
Published: Berlin Heidelberg New York Springer-Verlag Berlin Heidelberg GMBH 1975
ISBN:9783642660641
9783642660627
Edition:Softcover reprint of the hardcover 1st edition 1975
Subjects:

MARC

LEADER 00000cam a2200000 4500
001 vtls012133135
003 SK-MaSNL
005 20260301055503.0
008 220502s1975 gw a f n 101 0 eng
015 |a SNBZSA2023/08 
020 |a 9783642660641  |q (brožované) 
020 |a 9783642660627  |q (eBook) 
040 |a SNK  |b slo  |c SNK  |e rda 
041 0 |a eng 
044 |a gw  |c DE  |a xxu  |c US 
072 7 |a 615  |x Farmácia. Farmakológia  |2 konspekt 
072 7 |a 577  |x Biochémia. Molekulárna biológia. Biofyzika  |2 konspekt 
080 |a 615.33  |2 2011 
080 |a 612.015.1  |2 2001 
080 |a 577.18  |2 2011 
080 |a (062.534)  |2 2011 
111 2 |a International Symposium on Antibiotic Resistence  |n (2. :  |d 1974 :  |c Smolenice, Slovakia)  |9 369184 
245 1 0 |a Drug-inactivating enzymes and antibiotic resistance  |b 2nd International Symposium on Antibiotic Resistance, Castle of Smolenice, Czechoslovakia 1974  |c editors S. Mitsuhashi, L. Rosival, V. Krčméry 
250 |a Softcover reprint of the hardcover 1st edition 1975 
264 1 |a Berlin  |a Heidelberg  |a New York  |b Springer-Verlag Berlin Heidelberg GMBH  |c 1975 
300 |a xiii, 493 strán  |b grafy, tabuľky  |c 24 cm 
336 |a text  |b txt  |2 rdacontent 
337 |a bez média  |b n  |2 rdamedia 
338 |a zväzok  |b nc  |2 rdacarrier 
504 |a Obsahuje bibliografiu za jednotlivými príspevkami. Predmetový a menný register 
650 0 7 |a lieková rezistencia  |2 SNKPH  |9 75860 
650 0 7 |a antibiotiká  |2 SNKPH  |9 2424 
650 0 7 |a Antibiotics  |2 SNKPHeng  |9 317716 
650 0 7 |a enzýmy  |2 SNKPH  |9 2463 
650 0 7 |a Enzymes  |2 SNKPHeng  |9 313775 
655 7 |a zborníky konferencií  |2 SNKPH  |9 70153 
655 7 |a Proceedings of conferences  |2 SNKPHeng  |9 265791 
700 1 |a Mitsuhashi, Susumu  |4 edt  |9 369185 
700 1 |a Rosival, Ladislav,  |d 1924-2016  |4 edt  |9 209712 
700 1 |a Krčméry, Vladimír,  |d 1960-2022  |4 edt  |9 113530 
852 |a Slovenská národná knižnica 
919 |a 978-3-642-66064-1 
919 |a 978-3-642-66062-7 
954 |a odborná, vedecká literatúra pôvodná (slovenská)  |2 lita 
958 |a ZS 
958 |a NB 
958 |a MI 
999 |c 613457  |d 615387 
952 |a SNK  |b SNK  |y PREZ  |7 0  |p 17A1493682  |o snkSC 199041  |i snk2022/13592  |8 4  |g 138.27  |0 0  |1 0  |4 0  |d 2022-05-02  |l 0  |r 2025-10-21 00:00:00  |w 2026-02-23